000 00724nam a22002297a 4500
003 UA-OsUOA
001 45614
007 ta
008 20111020b un ||||| |||| 00| 0 ukr d
090 _a017
_bКат
942 _cBK
040 _aUA-OsUOA
_bukr
_cUA-OsUOA
_dUA-OsUOA
245 _aКаталог книжок Української Книгарні в Едмонтоні на 1972.
300 _a189 с.
955 _a4
041 _aukr
080 _a017
260 _aЕдмонтон
_c1972
650 7 _a01 Бібліографія і бібліографії. Каталоги
_2UDC
999 _c425718
_d425718